Префектуры Японии с картой - Statistics

General Stats
  • This quiz has been taken 2 039 times
  • The average score is 18 of 47
Answers on the Map
Answers color-coded by a green-red scale on the quiz's map according to % correct below.
 
Answer Stats
префектура % Correct
Токио
95%
Нагасаки
74%
Киото
71%
Хиросима
70%
Хоккайдо
67%
Осака
66%
Окинава
55%
Фукусима
50%
Сайтама
48%
Мияги
45%
Фукуока
42%
Аомори
40%
Акита
39%
Нара
38%
Тиба
37%
Ниигата
37%
Канагава
36%
Нагано
36%
Миядзаки
36%
Иватэ
34%
Айти
34%
Миэ
34%
Сага
34%
Ямагата
33%
Сига
33%
Гумма
32%
Ибараки
32%
Ямагути
32%
Кагосима
31%
Яманаси
30%
Сидзуока
30%
Гифу
30%
Вакаяма
30%
Тоттори
30%
Тояма
29%
Фукуи
29%
Исикава
29%
Коти
29%
Кумамото
29%
Тотиги
28%
Оита
28%
Кагава
27%
Хёго
26%
Токусима
26%
Окаяма
25%
Эхиме
25%
Симанэ
24%
No matching quizzes found
Score Distribution
Percent of People with Each Score
Percentile by Number Answered
Your Score History
You have not taken this quiz